Prénoms de 1922 et de 2022 - Statistiques

Statistiques générales
  • Ce quiz a été pris 526 fois
  • Le résultat moyen est 20 sur 60
Statistiques - réponses
Date Rang Prénoms % Correct
Garçons 1922 1 Jean
88%
Filles 1922 1 Marie
81%
Filles 2022 13 Lou
74%
Garçons 1922 8 Louis
70%
Garçons 2022 5 Louis
70%
Garçons 1922 12 Paul
68%
Garçons 1922 3 Pierre
64%
Filles 2022 5 Emma
62%
Filles 1922 2 Jeanne
61%
Garçons 2022 2 Léo
58%
Filles 2022 2 Louise
56%
Garçons 2022 1 Gabriel
45%
Garçons 1922 15 Jacques
45%
Garçons 2022 7 Jules
45%
Filles 2022 1 Jade
41%
Filles 2022 9 Anna
40%
Garçons 1922 2 André
39%
Garçons 2022 10 Lucas
39%
Garçons 1922 4 René
37%
Filles 2022 15 Chloé
35%
Garçons 1922 9 Henri
33%
Garçons 1922 10 Georges
32%
Garçons 1922 5 Marcel
31%
Garçons 1922 7 Robert
31%
Garçons 1922 13 Joseph
28%
Garçons 2022 3 Raphaël
28%
Filles 1922 9 Simone
27%
Filles 1922 6 Paulette
26%
Filles 2022 7 Alice
25%
Filles 1922 11 Renée
25%
Filles 2022 3 Ambre
24%
Filles 1922 14 Andrée
24%
Filles 1922 12 Jacqueline
24%
Garçons 1922 11 Maurice
24%
Filles 2022 6 Rose
24%
Garçons 2022 8 Arthur
23%
Filles 2022 11 Léna
23%
Filles 2022 10 Lina
23%
Filles 1922 3 Madeleine
23%
Garçons 1922 14 Raymond
23%
Garçons 1922 6 Roger
23%
Garçons 2022 4 Maël
22%
Garçons 2022 6 Noah
22%
Filles 1922 7 Denise
21%
Filles 2022 14 Julia
20%
Filles 1922 4 Suzanne
20%
Garçons 2022 11 Liam
19%
Garçons 2022 9 Adam
18%
Filles 1922 10 Marguerite
17%
Filles 1922 5 Yvonne
17%
Filles 2022 4 Alba
16%
Filles 1922 13 Odette
16%
Filles 1922 8 Marcelle
15%
Garçons 2022 14 Gabin
14%
Filles 1922 15 Lucienne
14%
Garçons 2022 12 Sacha
14%
Filles 2022 12 Mia
13%
Filles 2022 8 Romy
11%
Garçons 2022 15 Eden
7%
Garçons 2022 13 Isaac
4%
Aucun quiz correspondant
Distribution des résultats
% des personnes avec chaque résultat
Percentile par nombre de réponses
Votre historique - résultats
Vous n’avez pas pris ce quiz